000
00226nam a2200097Ia 4500
008
190216s9999||||xx |||||||||||||| ||und||
100
_a
Shukla M.C
245
0
_a
Business Organization And Management
260
_b
Null
942
_c
BK
999
_c
3900
_d
3900